Cómo vivir con un marido neurótico / (Record no. 79784)

MARC details
000 -LEADER
campo de control de longitud fija 00962cam a2200313Ia 4500
001 - NÚMERO DE CONTROL
campo de control 43645
005 - FECHA Y HORA DE LA ÚLTIMA TRANSACCIÓN
campo de control 20230410130743.0
008 - DATOS DE LONGITUD FIJA--INFORMACIÓN GENERAL
campo de control de longitud fija 840618t1972 sp a 000 0 spa d
035 ## - NÚMERO DE CONTROL DEL SISTEMA
Número de control de sistema (OCoLC)ocm10854456
040 ## - FUENTE DE CATALOGACIÓN
Centro catalogador/agencia de origen TXP
Centro/agencia transcriptor TXP
Centro/agencia modificador OCL
050 14 - SIGNATURA TOPOGRÁFICA DE LA BIBLIOTECA DEL CONGRESO
Número de clasificación B167c
020 ## - NÚMERO INTERNACIONAL ESTÁNDAR DEL LIBRO
Número Internacional Estándar del Libro 8485979524
020 ## - NÚMERO INTERNACIONAL ESTÁNDAR DEL LIBRO
Número Internacional Estándar del Libro 9788485979523
035 ## - NÚMERO DE CONTROL DEL SISTEMA
Número de control de sistema (OCoLC)10854456
041 1# - CÓDIGO DE IDIOMA
Código de lengua del texto/banda sonora o título independiente spa
Código de lengua original eng
050 14 - SIGNATURA TOPOGRÁFICA DE LA BIBLIOTECA DEL CONGRESO
Número de clasificación PN 6231
Número de ítem B168c 1972
049 ## - FONDOS LOCALES (OCLC)
Biblioteca depositaria GRAL
100 1# - ENTRADA PRINCIPAL--NOMBRE DE PERSONA
Nombre de persona Baker, Stephen,
Fechas asociadas al nombre 1921-
245 10 - MENCIÓN DEL TÍTULO
Título Cómo vivir con un marido neurótico /
Mención de responsabilidad, etc. Stephen Baker; ilustraciones de John Huehnergarth; traducción Oscar Muslera.
260 ## - PUBLICACIÓN, DISTRIBUCIÓN, ETC.
Lugar de publicación, distribución, etc. Barcelona ;
-- Buenos Aires :
Nombre del editor, distribuidor, etc. Juan Granica Ediciones,
Fecha de publicación, distribución, etc. 1972
300 ## - DESCRIPCIÓN FÍSICA
Extensión 128 p. :
Otras características físicas ill. ;
Dimensiones 20 cm.
490 0# - MENCIÓN DE SERIE
Mención de serie Humor
500 ## - NOTA GENERAL
Nota general Título original : How to live with a neurotic husband.
650 #0 - PUNTO DE ACCESO ADICIONAL DE MATERIA--TÉRMINO DE MATERIA
Término de materia o nombre geográfico como elemento de entrada Husbands
Subdivisión general Humor.
650 #0 - PUNTO DE ACCESO ADICIONAL DE MATERIA--TÉRMINO DE MATERIA
Término de materia o nombre geográfico como elemento de entrada Husbands
Subdivisión general Anecdotes, facetiae, satire, etc.
942 ## - ELEMENTOS DE ENTRADA SECUNDARIOS (KOHA)
Fuente del sistema de clasificación o colocación Clasificación de Library of Congress
Tipo de ítem Koha
946 ## - PROCESAMIENTO DE INFORMACIÓN LOCAL (OCLC)
a mfcruz
994 ## -
-- C0
-- DRFGD
Holdings
Estatus retirado Estado de pérdida Fuente del sistema de clasificación o colocación Estado de daño No para préstamo Colección Biblioteca de origen Biblioteca actual Ubicación en estantería Fecha de adquisición Serial enumeration / chronology Signatura topográfica completa Código de barras Visto por última vez Copia número Tipo de ítem Koha
    Clasificación de Library of Congress     Humanidades Biblioteca Juan Bosch Biblioteca Juan Bosch Humanidades (4to. Piso) 10/04/2023 1 B167c | PN 6231 B168c 1972 00000044360 25/10/2018 1